000 00283nam a22001217a 4500
008 171017b xxu||||| |||| 00| 0 eng d
041 _aeng
080 _a331.101.262
100 _a52
101 _aBNJ
245 _aMANAGING THE HUMAN ELEMENTS IN EDP
_cMASSEY, L.D
942 _2udc
_cBK
999 _c34287
_d34287